Seventeen Going Under - Sam Fender Lyrics Quiz - Statistics

General Stats
  • This quiz has been taken 263 times
  • The average score is 174 of 261
Answer Stats
Answer % Correct
I
98%
i
98%
the
94%
a
92%
was
91%
an
88%
it
88%
to
88%
for
86%
remember
86%
we
86%
he
85%
in
85%
you
85%
do
84%
on
84%
sickness
84%
forever
83%
that
83%
and
82%
now
82%
who
82%
thing
81%
with
81%
scarred
80%
so
79%
your
79%
but
78%
him
78%
love
78%
thats
78%
videos
78%
anger
77%
hit
77%
me
77%
again
76%
all
76%
boy
76%
cold
76%
heartbeat
76%
like
76%
scared
76%
would
76%
beach
75%
far
75%
fights
75%
fist
74%
next
74%
too
74%
week
74%
around
73%
distances
73%
stick
73%
still
72%
covered
71%
first
71%
begs
70%
of
70%
time
70%
when
70%
child
69%
down
69%
round
69%
hurt
68%
snuff
68%
crying
67%
head
66%
kicked
66%
my
66%
septembers
66%
bugs
65%
going
65%
seventeen
65%
toms
65%
lingers
64%
someone
64%
under
64%
yourself
64%
oh
63%
us
63%
you're
62%
beauty
61%
embarrass
61%
ones
61%
them
61%
can
60%
embryonic
60%
spent
60%
nothing
59%
up
59%
joker
57%
always
56%
fuckin
56%
they're
56%
teens
55%
offer
54%
see
54%
grin
53%
myself
53%
silence
53%
enraged
52%
leave
52%
armed
51%
bizzies
51%
fleece
50%
their
50%
boys
49%
lads
49%
im
48%
buried
47%
god
47%
kid
45%
nowt
45%
drink
44%
gear
44%
locker
44%
old
44%
cheap
43%
looks
43%
room
43%
sad
43%
she
43%
man
42%
picture
42%
claws
41%
white
41%
about
40%
noise
40%
snide
40%
spiraling
40%
drenched
39%
thought
39%
humor
38%
mirrored
37%
shifting
37%
canny
36%
mother
36%
number
36%
wept
36%
debt
35%
hand
35%
kids
35%
talking
35%
amongst
33%
dab
32%
dwp
32%
makes
31%
chanter
30%
said
30%
floor
29%
here
27%
came
25%
cries
24%
died
22%
encumbered
22%
luck
20%
how
19%
cuz
14%
well
14%
No matching quizzes found
Score Distribution
Percent of People with Each Score
Percentile by Number Answered
Your Score History
You have not taken this quiz